| 000 | 00653nam a2200289Ia 4500 | ||
|---|---|---|---|
| 008 | 160803s9999 xx 000 0 und d | ||
| 020 | _a 978-1442419780 | ||
| 100 | _aWesterfeld, Scott | ||
| 245 | _aExtras / | ||
| 245 | _cScott Westerfeld. | ||
| 260 | _aNew York : | ||
| 260 | _bScholastic Inc. | ||
| 260 | _c2007 | ||
| 300 | _a417 pages ; | ||
| 300 | _c19 cm | ||
| 650 | _aBeauty -- | ||
| 650 | _aDystopias -- | ||
| 650 | _aFame -- | ||
| 650 | _aTeenagers -- | ||
| 650 | _aUgliness -- | ||
| 650 | _xFiction. | ||
| 650 | _xFiction. | ||
| 650 | _xFiction. | ||
| 650 | _xFiction. | ||
| 650 | _xFiction. | ||
| 700 | _a790 | ||
| 999 |
_c298418 _d298418 |
||